| 000 | 03652cgm a2200757Ia 4500 | ||
|---|---|---|---|
| 001 | ocn646349447 | ||
| 003 | OCoLC | ||
| 005 | 20241220125640.0 | ||
| 008 | 100708s2010 cau116 vleng d | ||
| 007 | vd cvaizk | ||
| 040 |
_aTEFMT _cTEFMT _dTEF _dCCE _dCGL _dGK8 _dUPZ _dBLV _dUINTA |
||
| 024 | 1 | 0 | _a786936787542 |
| 028 | 4 | 2 |
_a100746 _bWalt Disney Studios Home Entertainment |
| 035 | _a(OCoLC)646349447 | ||
| 037 |
_bMidwest Tape _nhttp://www.midwesttapes.com |
||
| 041 | 1 |
_aeng _afre _aspa _jfre _jspa _heng |
|
| 043 | _aa-ir--- | ||
| 050 | 4 |
_aPN1997.2 _b.P75 2010 |
|
| 082 | 0 | 4 |
_a791.43/72 _222 |
| 049 | _aUCLB | ||
| 092 | _a791.437 | ||
| 130 | 0 |
_aPrince of Persia, the sands of time (Motion picture) _96212316 |
|
| 245 | 1 | 0 |
_aPrince of Persia, the sands of time _h[videorecording] / _cWalt Disney Pictures and Jerry Bruckheimer Films present ; a film by Mike Newell ; produced by Jerry Bruckheimer ; screen story by Jordan Mechner ; screenplay by Boaz Yakin and Doug Miro & Carlo Bernard ; directed by Mike Newell. |
| 246 | 3 | 0 | _aSands of time |
| 260 |
_aBurbank, Calif. : _bWalt Disney Studios Home Entertainment : _bDistributed by Buena Vista Home Entertainment, _c[2010] |
||
| 300 |
_a1 videodisc (ca. 116 min.) : _bsd., col. ; _c4 3/4 in. |
||
| 490 | 1 | _aDisney DVD | |
| 511 | 1 | _aJake Gyllenhaal, Ben Kingsley, Gemma Arterton, Alfred Molina. | |
| 538 | _aDVD, widescreen (2.40:1) presentation; Dolby Digital 5.1 (English, dubbed French or Spanish) or 2.0 DVS (English). | ||
| 546 | _aEnglish, dubbed French or dubbed Spanish dialogue, optional French or Spanish subtitles; English subtitles for the deaf and hard of hearing (SDH); closed-captioned. | ||
| 508 | _aDirector of photography, John Seale ; editors, Michael Khan, Mick Audsley, Martin Walsh ; music, Harry Gregson-Williams. | ||
| 500 | _aOriginally released as a motion picture in 2010. | ||
| 500 | _aBased on the video game series "Prince of Persia" created by Jordan Mechner. | ||
| 521 | 8 | _aMPAA rating: PG-13; for intense sequences of violence and action. | |
| 520 | _aIt's a race against time when a rogue prince (Jake Gyllenhaal) reluctantly teams up with a rival princess (Gemma Arterton) to safeguard a magical dagger that gives its possessor the power to reverse time and rule the world. | ||
| 500 | _aSpecial features: An unseen world: making "Prince of Persia". | ||
| 650 | 0 |
_aPrinces _zIran _vDrama. _96512665 |
|
| 650 | 0 |
_aPrincesses _vDrama. _95698097 |
|
| 650 | 0 |
_aTime travel _vDrama. _95710993 |
|
| 651 | 0 |
_aIran _vDrama. _96512666 |
|
| 650 | 7 |
_aPrincipes _zIrán _vTeatro. _2bidex _96512667 |
|
| 650 | 7 |
_aPrincesas _zIrán _vTeatro. _2bidex _96512668 |
|
| 655 | 0 |
_aAction and adventure films. _96212321 |
|
| 655 | 0 |
_aFeature films. _96212322 |
|
| 655 | 0 |
_aFiction films. _96212323 |
|
| 655 | 0 |
_aVideo recordings for the hearing impaired. _96212324 |
|
| 655 | 7 |
_aFeature films. _2gsafd _96212322 |
|
| 700 | 1 |
_aBruckheimer, Jerry. _961668 |
|
| 700 | 1 |
_aArterton, Gemma. _95859361 |
|
| 700 | 1 |
_aGyllenhaal, Jake, _d1980- _966333 |
|
| 700 | 1 |
_aMolina, Alfred, _d1953- _938362 |
|
| 700 | 1 |
_aKingsley, Ben, _d1943- _920732 |
|
| 700 | 1 |
_aNewell, Mike, _d1942- _962065 |
|
| 700 | 1 |
_aMechner, Jordan. _96212325 |
|
| 700 | 1 |
_aYakin, Boaz. _957004 |
|
| 700 | 1 |
_aMiro, Doug. _96192182 |
|
| 700 | 1 |
_aBernard, Carlo. _96192183 |
|
| 710 | 2 |
_aWalt Disney Pictures. _922141 |
|
| 710 | 2 |
_aJerry Bruckheimer Films. _968716 |
|
| 710 | 2 |
_aWalt Disney Studios Home Entertainment (Firm) _95731382 |
|
| 710 | 2 |
_aBuena Vista Home Entertainment (Firm) _964615 |
|
| 830 | 0 |
_aDisney DVD. _970029 |
|
| 942 |
_cDVD _0226 |
||
| 994 |
_aC0 _bUINTA |
||
| 998 | _aa137191 | ||
| 999 |
_c71761 _d71761 |
||